Velázquez

Сохранить в:
Библиографические подробности
Главный автор: Causa, Raffaello (Автор)
Формат:
Язык:испанский
Опубликовано: Buenos Aires Viscontea 1983
Редактирование:2a. ed
Серии:Los Grandes Pintores, 3
Предметы:
Метки: Добавить метку
Нет меток, Требуется 1-ая метка записи!

MARC

LEADER 00000cam a2200000 a 4500
001 UCE0994
003 CL-VaPUC
008 140324e19830000ag |||||||||||||||||spa|d
082 0 4 |a 759.6  |b CAU  |2 21 
100 0 |a Causa, Raffaello  |e author  |9 573372 
245 1 0 |a Velázquez 
250 |a 2a. ed 
300 |a 16 p 
942 |c BK 
945 |d 20140324 12:18:00  |a cmena 
260 |a Buenos Aires  |b Viscontea  |c 1983 
600 0 7 |a VELAZQUEZ, DIEGO  |2 CL-VaPUC  |9 570881 
600 0 7 |a VELAZQUEZ, DIEGO RODRIGUEZ DE SILVA Y  |2 CL-VaPUC  |9 557817 
650 0 |a Pintores españoles  |9 315216 
650 0 |a Pintura barroca   |9 266157 
583 |a last modification  |c 20140324 12:18:00  |k Rodrigo Vera 
490 0 |a Los Grandes Pintores, 3 
999 |c 354957  |d 354955 
952 |0 0  |1 0  |3 erb  |4 0  |6 759_600000000000000_CAU_1983  |7 0  |8 A  |9 461193  |a BIBART  |b BIBART  |i 5043654  |o 759.6 CAU 1983  |p 5043654  |r 2025-03-13  |w 2019-11-23  |y BK  |z Catalogado en:20140324  |k ART